Statistics for Kristen Stewart Filmography

Click here to take the quiz!

General Stats

  • This quiz has been taken 148 times
    (8 since last reset)
  • The average score is 27 of 72

Answer Stats

TypeYearName% Correct
Film2008Twilight
88%
Film2021Spencer
75%
Film2009The Twilight Saga: New Moon
75%
Film2019Charlie's Angels
63%
Film2012Snow White and the Huntsmen
63%
Film2004Speak
63%
Film2011The Twilight Saga: Breaking Dawn - Part 1
63%
Film2012The Twilight Saga: Breaking Dawn - Part 2
63%
Film2010The Twilight Saga: Eclipse
63%
Film2005Zathura: A Space Adventure
63%
Film2009Adventureland
50%
Film2024Love Lies Bleeding
50%
Film2024Love Me
50%
FilmTBASacramento
50%
Film2010The Runaways
50%
Film2020Underwater
50%
Film2015American Ultra
38%
Film2015Anesthesia
38%
Film2016Café Society
38%
Film2014Camp X-Ray
38%
Film2004Catch That Kid
38%
Film2016Certain Women
38%
Film2003Cold Creek Manor
38%
Director2017Come Swim
38%
Film2022Crimes of the Future
38%
Short Film2007Cutlass
38%
Film2015Equals
38%
Film2005Fierce People
38%
Film2007Into the Wild
38%
Web Series2022Irma Vep
38%
Film2008Jumper
38%
Film2018Lizzie
38%
Film2012On the Road
38%
Film2002Panic Room
38%
Film2016Personal Shopper
38%
Music Video2016Ride 'Em on Down
38%
TV Show2017, 2019Saturday Night Live
38%
Film2019Seberg
38%
Film2007The Cake Eaters
38%
DirectorTBAThe Chronology of Water
38%
Film2000The Flintstones in Viva Rock Vegas
38%
Film2001The Safety of Objects
38%
TV Film1999The Thirteenth Year
38%
Film2008The Yellow Handkerchief
38%
Film2008What Just Happened
38%
Short Film20149 Kisses
25%
Film2016Billy Lynn's Long Halftime Walk
25%
Commercial2017Chanel: Gabrielle
25%
Film2014Clouds of Sils Maria
25%
Film2020Happiest Season
25%
Web Series2020Homemade
25%
Music Video2018If You Really Love Nothing
25%
Film2007In the Land of Women
25%
Film2018JT LeRoy
25%
Film2012K-11
25%
Short Film2015Once and Forever
25%
Commercial2002Porsche
25%
FilmTBARosebushpruning
25%
DocumentaryTBASontag
25%
Film2014Still Alice
25%
Director2014Take Me to the South
25%
Film2007The Messengers
25%
TV Show2008The Sarah Silverman Program.
25%
Film2004Undertow
25%
Film2010Welcome to the Rileys
25%
TV Show2013Celebrity Style Story
13%
Director2017Down Side of Me
13%
Short Film2016Dying Lover
13%
Music Video2011I Was Broken
13%
Music Video2014Just One of the Guys
13%
Short Film2019Ru's Angels
13%
Music Video2023You Only Love Me
13%

Score Distribution

Percentile by Number Answered

Percent of People with Each Score

Your Score History

You have not taken this quiz since the last reset